[Event "Isle of Man Masters"]
[Site "Douglas IMN"]
[Date "2017.09.23"]
[EventDate "2017.09.23"]
[Round "1.11"]
[Result "1/2-1/2"]
[White "Vidit Santosh Gujrathi"]
[Black "Rasmus Svane"]
[WhiteElo "2702"]
[BlackElo "2595"]
[PlyCount "88"]

1. e4 e6 2. d4 d5 3. Nc3 Nf6 4. Bg5 dxe4 5. Nxe4 Be7 6. Bxf6
Bxf6 7. Nf3 Nd7 8. Qd2 O-O 9. O-O-O Be7 10. Bd3 c5 11. Nxc5
Nxc5 12. dxc5 Qc7 13. Qe2 Rd8 14. Ne5 Bf6 15. f4 Rd5 16. Rhe1
Rxc5 17. h4 Bxe5 18. fxe5 Bd7 19. Qe4 g6 20. h5 Rc8 21. Kb1
Bb5 22. c3 Rd8 23. Bxb5 Rxb5 24. h6 Rbd5 25. Rd4 Rxd4 26. cxd4
Rc8 27. a3 Kf8 28. Rf1 Qc4 29. Qf3 Qc2+ 30. Ka2 Rc7 31. Qf6
Ke8 32. d5 Qc4+ 33. Ka1 exd5 34. e6 fxe6 35. Qxe6+ Re7
36. Qg8+ Kd7 37. Rd1 Kc7 38. Qf8 Rd7 39. Re1 a6 40. Kb1 Qd3+
41. Ka1 Qc4 42. Re7 Qc1+ 43. Ka2 Qc4+ 44. Ka1 Qc1+ 1/2-1/2

[Event "Isle of Man Masters"]
[Site "Douglas IMN"]
[Date "2017.09.24"]
[EventDate "2017.09.23"]
[Round "2.33"]
[Result "0-1"]
[White "Martin Zumsande"]
[Black "Vidit Santosh Gujrathi"]
[WhiteElo "2471"]
[BlackElo "2702"]
[PlyCount "64"]

1. e4 c5 2. c3 d5 3. exd5 Qxd5 4. d4 Nf6 5. Nf3 e6 6. Be3 Be7
7. Bd3 O-O 8. O-O Rd8 9. Qe2 cxd4 10. cxd4 Nc6 11. Nc3 Qh5
12. a3 Bd6 13. Rac1 Ne7 14. Qc2 b6 15. Ne4 Bb7 16. Nxf6+ gxf6
17. Be4 Nd5 18. h3 Kh8 19. Kh1 f5 20. Bxd5 Bxd5 21. Qe2 Rg8
22. Rg1 Rxg2 23. Kxg2 Bxf3+ 24. Qxf3 Rg8+ 25. Qg3 Bxg3
26. fxg3 Qe2+ 27. Bf2 f4 28. g4 f3+ 29. Kg3 f5 30. Rcf1 h5
31. d5 hxg4 32. dxe6 Qe5+ 0-1

[Event "Isle of Man Masters"]
[Site "Douglas IMN"]
[Date "2017.09.25"]
[EventDate "2017.09.23"]
[Round "3.16"]
[Result "1-0"]
[White "Vidit Santosh Gujrathi"]
[Black "Michael William Brown"]
[WhiteElo "2702"]
[BlackElo "2499"]
[PlyCount "87"]

1. e4 e5 2. Nf3 Nc6 3. Bb5 a6 4. Ba4 d6 5. O-O Bd7 6. c3 g6
7. d4 Bg7 8. Re1 Nf6 9. Nbd2 O-O 10. dxe5 dxe5 11. Nf1 h6
12. Qe2 Re8 13. Bc2 Be6 14. Ne3 Qe7 15. a4 Rad8 16. b4 Nh5
17. Bb2 Nf4 18. Qf1 Nb8 19. Rad1 c6 20. Rxd8 Rxd8 21. Rd1 a5
22. bxa5 Qc7 23. g3 Nh3+ 24. Kg2 Qxa5 25. Rxd8+ Qxd8 26. Ba3
Ng5 27. Nxg5 hxg5 28. Qb1 Qc7 29. Bb3 Bxb3 30. Qxb3 Nd7
31. Nc4 Bf8 32. Bxf8 Nxf8 33. a5 Ne6 34. Qd1 f6 35. h3 Qf7
36. Qd6 Kg7 37. a6 bxa6 38. Qxc6 Qe7 39. Qxa6 Nc5 40. Qc6 Qa7
41. Nd6 Nd3 42. Ne8+ Kh6 43. Qxf6 Kh7 44. Qf8 1-0

[Event "Isle of Man Masters"]
[Site "Douglas IMN"]
[Date "2017.09.26"]
[EventDate "2017.09.23"]
[Round "4.7"]
[Result "0-1"]
[White "Benjamin Bok"]
[Black "Vidit Santosh Gujrathi"]
[WhiteElo "2620"]
[BlackElo "2702"]
[PlyCount "80"]

1. e4 e5 2. Nf3 Nc6 3. Bb5 a6 4. Ba4 Nf6 5. O-O Be7 6. Re1 b5
7. Bb3 d6 8. c3 O-O 9. h3 Bb7 10. d4 Re8 11. Ng5 Rf8 12. Nf3
Re8 13. Nbd2 Bf8 14. a3 g6 15. d5 Nb8 16. Nf1 Nbd7 17. Ba2 Nc5
18. Ng3 c6 19. Bg5 cxd5 20. Bxf6 Qxf6 21. Bxd5 Bxd5 22. Qxd5
Na4 23. Qd2 Rad8 24. Nf1 d5 25. exd5 e4 26. N3h2 Qd6 27. Rad1
f5 28. g4 Nc5 29. gxf5 gxf5 30. Ng3 Nd3 31. Nxf5 Qg6+ 32. Ng3
Bc5 33. Re3 Bxe3 34. Qxe3 Rxd5 35. Ng4 h5 36. Nxe4 hxg4
37. Nf6+ Qxf6 38. Qxe8+ Kg7 39. Qe3 gxh3 40. Kh2 Qd6+ 0-1

[Event "Isle of Man Masters"]
[Site "Douglas IMN"]
[Date "2017.09.27"]
[EventDate "2017.09.23"]
[Round "5.3"]
[Result "1/2-1/2"]
[White "Vidit Santosh Gujrathi"]
[Black "Aleksandr Lenderman"]
[WhiteElo "2702"]
[BlackElo "2565"]
[PlyCount "85"]

1. Nf3 d5 2. g3 g6 3. Bg2 Bg7 4. d4 Nf6 5. O-O O-O 6. c4 c6
7. b3 Bf5 8. Bb2 Nbd7 9. e3 Qa5 10. Nc3 Ne4 11. Nh4 Nxc3
12. Qd2 Be6 13. Bxc3 Qd8 14. cxd5 cxd5 15. Rfc1 Nf6 16. Bb4
Qd7 17. Nf3 Rfc8 18. Ne5 Qd8 19. f3 Bf8 20. Bf1 Rxc1 21. Rxc1
Rc8 22. a4 Rxc1 23. Qxc1 Qc8 24. Qc5 a6 25. a5 Qd8 26. Qa7 Qc8
27. Qc5 Qd8 28. Nd3 Bd7 29. g4 Bb5 30. Ne5 Bxf1 31. Kxf1 h6
32. Ke2 Nh7 33. Qb6 Qc8 34. Qc5 Qd8 35. Qc2 e6 36. Bxf8 Nxf8
37. Qc5 g5 38. Kd1 Kg7 39. Qb4 Qc7 40. Qc5 Qd8 41. Qb6 Qc8
42. h3 Ng6 43. Nxg6 1/2-1/2

[Event "Isle of Man Masters"]
[Site "Douglas IMN"]
[Date "2017.09.28"]
[EventDate "2017.09.23"]
[Round "6.5"]
[Result "0-1"]
[White "Harsha Bharathakoti"]
[Black "Vidit Santosh Gujrathi"]
[WhiteElo "2394"]
[BlackElo "2702"]
[PlyCount "84"]

1. c4 e5 2. Nc3 Nf6 3. Nf3 Nc6 4. e3 Bb4 5. Qc2 d6 6. d3 O-O
7. Be2 e4 8. dxe4 Bxc3+ 9. bxc3 Bg4 10. Nd4 Bxe2 11. Nxe2 Ne5
12. O-O Nxc4 13. Rd1 Re8 14. Ng3 Qd7 15. f3 Rad8 16. Qf2 Qe6
17. Ne2 d5 18. exd5 Nxe3 19. Bxe3 Qxe3 20. Qxe3 Rxe3 21. Kf2
Rde8 22. Rd2 Nxd5 23. Rxd5 Rxe2+ 24. Kg3 Rc2 25. Rd3 h6 26. a4
Re6 27. Kh3 Rg6 28. g4 Rc6 29. Ra3 a5 30. Kg3 g6 31. h4 b6
32. Kh3 g5 33. Kg3 Kg7 34. Re3 Rd6 35. hxg5 hxg5 36. f4 gxf4+
37. Kxf4 Rg2 38. Kf3 Rdd2 39. Re7 Rdf2+ 40. Ke3 Re2+ 41. Kf3
Rxe7 42. Kxg2 Re4 0-1

[Event "Isle of Man Masters"]
[Site "Douglas IMN"]
[Date "2017.10.01"]
[EventDate "2017.09.23"]
[Round "9.4"]
[Result "1/2-1/2"]
[White "Richard Rapport"]
[Black "Vidit Santosh Gujrathi"]
[WhiteElo "2675"]
[BlackElo "2702"]
[PlyCount "60"]

1. d4 Nf6 2. Nf3 d5 3. c4 e6 4. Nc3 Bb4 5. Bg5 h6 6. Bxf6 Qxf6
7. Qa4+ Nc6 8. e3 O-O 9. Rd1 Rd8 10. Be2 dxc4 11. O-O Bd7
12. Qc2 Na5 13. Ne5 Qe7 14. f4 Bd6 15. Nxd7 Rxd7 16. Qa4 Bb4
17. Ne4 b6 18. a3 Bd6 19. Nc3 a6 20. Bxc4 Nxc4 21. Qxc4 c5
22. Qa4 cxd4 23. Qxd4 b5 24. Qb6 f5 25. Kh1 Rdd8 26. e4 fxe4
27. Qe3 Bc5 28. Qxe4 Rac8 29. a4 b4 30. Na2 a5 1/2-1/2

[Event "Aeroflot Open"]
[Site "Moscow RUS"]
[Date "2018.02.20"]
[EventDate "2018.02.20"]
[Round "1.2"]
[Result "1/2-1/2"]
[White "Vidit Santosh Gujrathi"]
[Black "Sunilduth Lyna Narayanan"]
[WhiteElo "2723"]
[BlackElo "2573"]
[PlyCount "60"]

1. d4 Nf6 2. c4 g6 3. g3 c5 4. dxc5 Qa5+ 5. Nc3 Bg7 6. Bg2 O-O
7. Qa4 Qxc5 8. Be3 Qc7 9. Nh3 d6 10. Nf4 Bd7 11. Nfd5 Nxd5
12. Nxd5 Qd8 13. Qa3 Nc6 14. O-O Nd4 15. Bxd4 Bxd4 16. Rfd1
Bg7 17. Rac1 Bc6 18. Bh3 Re8 19. b4 e6 20. Nc3 a6 21. Qb3 b5
22. Bg2 Bxg2 23. Kxg2 bxc4 24. Qxc4 Qb6 25. a3 Rec8 26. Qd3 a5
27. bxa5 Qxa5 28. Nb5 d5 29. Rxc8+ Rxc8 30. Rb1 Rb8 1/2-1/2

[Event "Aeroflot Open"]
[Site "Moscow RUS"]
[Date "2018.02.21"]
[EventDate "2018.02.20"]
[Round "2.12"]
[Result "1/2-1/2"]
[White "Eesha Karavade"]
[Black "Vidit Santosh Gujrathi"]
[WhiteElo "2386"]
[BlackElo "2723"]
[PlyCount "120"]

1. d4 d5 2. c4 e6 3. Nc3 c6 4. e4 Bb4 5. e5 c5 6. cxd5 Qxd5
7. Bd2 Bxc3 8. Bxc3 cxd4 9. Qxd4 Qxd4 10. Bxd4 b6 11. Rc1 Ne7
12. Bb5+ Bd7 13. Bd3 O-O 14. Ne2 Nbc6 15. f3 Nb4 16. Bb1 Bb5
17. Bc3 Nbc6 18. Kf2 Bxe2 19. Kxe2 Nd5 20. Be4 Rad8 21. Bxd5
Rxd5 22. Rhd1 Rfd8 23. Rxd5 Rxd5 24. f4 h5 25. Be1 Nd4+
26. Kf1 Nf5 27. Ke2 Rd7 28. Bf2 Kh7 29. h3 h4 30. Rc8 Kg6
31. Rc2 Nd4+ 32. Bxd4 Rxd4 33. Ke3 Rb4 34. b3 a5 35. Rc6 Kf5
36. Rc7 Re4+ 37. Kd3 Rxf4 38. Rxf7+ Kxe5 39. Rxg7 Rf2 40. a4
Kd5 41. Rg4 e5 42. Rxh4 Rxg2 43. b4 Rg3+ 44. Kd2 Rb3 45. bxa5
bxa5 46. Rh8 Rb4 47. h4 Rxa4 48. h5 Rh4 49. Ra8 Rxh5 50. Rxa5+
Ke4 51. Ra3 Kf4 52. Ke2 Rh2+ 53. Ke1 Rg2 54. Ra4+ Kf5 55. Kf1
Rg4 56. Rxg4 Kxg4 57. Ke2 Kf4 58. Kf2 e4 59. Ke2 e3 60. Ke1
Ke5 1/2-1/2

[Event "Aeroflot Open"]
[Site "Moscow RUS"]
[Date "2018.02.22"]
[EventDate "2018.02.20"]
[Round "3.14"]
[Result "1/2-1/2"]
[White "Vidit Santosh Gujrathi"]
[Black "Manuel Petrosyan"]
[WhiteElo "2723"]
[BlackElo "2569"]
[PlyCount "173"]

1. c4 e5 2. Nc3 Nf6 3. Nf3 Nc6 4. g3 d5 5. cxd5 Nxd5 6. Bg2
Nb6 7. O-O Be7 8. d3 O-O 9. a3 Be6 10. Be3 a5 11. Na4 e4
12. Ne1 exd3 13. Nxd3 Nd5 14. Bc5 b6 15. Bxe7 Ndxe7 16. Rc1
Bd5 17. Bxd5 Qxd5 18. Nc3 Qc4 19. b3 Qg4 20. e3 Qd7 21. Nf4
Rad8 22. Qh5 Ng6 23. Nfd5 Nce7 24. Rfd1 Nxd5 25. Nxd5 Qd6
26. a4 c5 27. Rd2 Ne7 28. Rcd1 Nxd5 29. Rxd5 Qf6 30. e4 g6
31. Qe2 Rxd5 32. Rxd5 Re8 33. Qd3 h5 34. h4 Kg7 35. Kg2 Re6
36. Qc2 Re5 37. Rd1 Qc6 38. f3 Qf6 39. Qc3 Re6 40. Qe3 Qe5
41. Qd3 Qb2+ 42. Rd2 Qe5 43. Kf2 Qa1 44. Rd1 Qe5 45. Kg2 Qb2+
46. Rd2 Qe5 47. Kh2 Kg8 48. Kh3 Kg7 49. Kg2 Kg8 50. Qd8+ Kg7
51. Qg5 Qa1 52. Qd5 Qc3 53. Re2 b5 54. axb5 Qb4 55. Rc2 Qxb5
56. Qxc5 Qxc5 57. Rxc5 Rb6 58. Rc3 Rb4 59. Kf2 a4 60. bxa4
Rxa4 61. Ke3 Ra5 62. Kf4 Ra6 63. Rc7 Rf6+ 64. Ke3 Re6 65. Rd7
Ra6 66. Rd5 Rb6 67. Ra5 Rc6 68. Kd4 Rb6 69. Ke3 Rb3+ 70. Kf4
Rb6 71. Rd5 Rf6+ 72. Ke3 Rb6 73. Rd3 Rb5 74. Rd6 Ra5 75. Kf4
Rb5 76. Rd5 Rb6 77. g4 hxg4 78. Kxg4 Rb1 79. h5 f5+ 80. exf5
Rg1+ 81. Kf4 gxh5 82. Rd6 h4 83. Rg6+ Rxg6 84. fxg6 Kxg6
85. Kg4 h3 86. Kxh3 Kf5 87. Kg3 1/2-1/2

[Event "Aeroflot Open"]
[Site "Moscow RUS"]
[Date "2018.02.23"]
[EventDate "2018.02.20"]
[Round "4.15"]
[Result "1/2-1/2"]
[White "Yinglun Xu"]
[Black "Vidit Santosh Gujrathi"]
[WhiteElo "2538"]
[BlackElo "2723"]
[PlyCount "51"]

1. d4 Nf6 2. c4 g6 3. Nc3 d5 4. Qb3 dxc4 5. Qxc4 Bg7 6. e4 O-O
7. Be2 Nc6 8. Nf3 e5 9. d5 Nd4 10. Nxd4 exd4 11. Qxd4 c6
12. Qd1 cxd5 13. exd5 b5 14. O-O b4 15. Na4 Qxd5 16. Qxd5 Nxd5
17. Bf3 Be6 18. Rd1 Rfd8 19. Nc5 Rac8 20. Bg5 Rd6 21. Nxe6
fxe6 22. Rac1 Rxc1 23. Bxc1 Rc6 24. Kf1 a5 25. Bf4 Rc4
26. Rxd5 1/2-1/2

[Event "Aeroflot Open"]
[Site "Moscow RUS"]
[Date "2018.02.24"]
[EventDate "2018.02.20"]
[Round "5.17"]
[Result "1/2-1/2"]
[White "Vidit Santosh Gujrathi"]
[Black "Rasmus Svane"]
[WhiteElo "2723"]
[BlackElo "2586"]
[PlyCount "49"]

1. e4 c6 2. d4 d5 3. e5 Bf5 4. Nf3 e6 5. Be2 c5 6. Be3 Qb6
7. Nc3 Nc6 8. O-O Qxb2 9. Qe1 cxd4 10. Bxd4 Nxd4 11. Nxd4 Bb4
12. Ndb5 Ba5 13. Rb1 Qxc2 14. Rc1 Qb2 15. Na4 Bxe1 16. Nxb2
Ba5 17. Nd6+ Ke7 18. Nxb7 Bb6 19. Na4 Bd4 20. Na5 Kf8 21. Nc6
Bb6 22. Nxb6 axb6 23. Nd4 h5 24. f4 g6 25. Nxf5 1/2-1/2

[Event "Aeroflot Open"]
[Site "Moscow RUS"]
[Date "2018.02.25"]
[EventDate "2018.02.20"]
[Round "6.18"]
[Result "1/2-1/2"]
[White "Nodirbek Abdusattorov"]
[Black "Vidit Santosh Gujrathi"]
[WhiteElo "2516"]
[BlackElo "2723"]
[PlyCount "58"]

1. e4 c5 2. Nf3 d6 3. d4 cxd4 4. Nxd4 Nf6 5. Nc3 a6 6. h3 e6
7. g4 Be7 8. g5 Nfd7 9. h4 b5 10. a3 Bb7 11. Be3 Nc6 12. Nxc6
Bxc6 13. Qd4 O-O 14. O-O-O Rb8 15. h5 Bxg5 16. h6 Bxe3+
17. Qxe3 g6 18. Rxd6 Qc7 19. Qf4 b4 20. axb4 Rxb4 21. Bg2 Rfb8
22. Rh3 Rxb2 23. e5 Bxg2 24. Rxd7 Qxd7 25. Qf6 Kf8 26. Qh8+
Ke7 27. Qf6+ Ke8 28. Qh8+ Ke7 29. Qf6+ Ke8 1/2-1/2

[Event "Aeroflot Open"]
[Site "Moscow RUS"]
[Date "2018.02.27"]
[EventDate "2018.02.20"]
[Round "8.20"]
[Result "0-1"]
[White "Aleksey Sorokin"]
[Black "Vidit Santosh Gujrathi"]
[WhiteElo "2511"]
[BlackElo "2723"]
[PlyCount "72"]

1. d4 Nf6 2. c4 e6 3. g3 c5 4. d5 exd5 5. cxd5 d6 6. Nc3 g6
7. Nf3 Bg7 8. Bg2 O-O 9. O-O Re8 10. Bf4 h6 11. Re1 Bf5
12. Nh4 Bc8 13. Nf3 g5 14. Bc1 Nbd7 15. Qc2 a6 16. a4 Rb8
17. h4 g4 18. Nd2 Ne5 19. b3 b5 20. axb5 axb5 21. Bb2 Nh5
22. Be4 Qd7 23. e3 Nf6 24. Bg2 Qf5 25. e4 Qg6 26. Ra5 Bd7
27. Ra7 Rbd8 28. Qb1 h5 29. Nd1 Nxd5 30. Nf1 Nb4 31. Nfe3 Nbd3
32. Rf1 Nxb2 33. Nxb2 Nf3+ 34. Bxf3 gxf3 35. Rd1 Rxe4 36. Nd5
Qe6 0-1

[Event "Aeroflot Open"]
[Site "Moscow RUS"]
[Date "2018.02.28"]
[EventDate "2018.02.20"]
[Round "9.11"]
[Result "1/2-1/2"]
[White "Vidit Santosh Gujrathi"]
[Black "Aleksej Gennadyevich Aleksandrov"]
[WhiteElo "2723"]
[BlackElo "2618"]
[PlyCount "79"]

1. d4 Nf6 2. c4 e6 3. g3 d5 4. Bg2 dxc4 5. Nf3 Nc6 6. Qa4 Bb4+
7. Bd2 Nd5 8. Bxb4 Nxb4 9. O-O Rb8 10. Na3 O-O 11. Qb5 b6
12. Qxc4 Ba6 13. Nb5 Qd5 14. Qxd5 Nxd5 15. a4 Na5 16. Ne5 Rbd8
17. Nxa7 Nb4 18. Rac1 Rxd4 19. Rxc7 Rd2 20. Nb5 f6 21. Nf3
Rxb2 22. Bh3 f5 23. Nfd4 Rf7 24. Nxe6 Rxe2 25. Rxf7 Kxf7
26. Ned4 Ra2 27. Nd6+ Kf6 28. Re1 g6 29. Bxf5 Nac6 30. Nxc6
Nxc6 31. Bd7 Nd4 32. Kg2 Be2 33. Bb5 Bf3+ 34. Kf1 Nxb5
35. axb5 Rb2 36. h3 h5 37. Ne8+ Kf5 38. Nd6+ Kf6 39. Ne8+ Kf5
40. Nd6+ 1/2-1/2

[Event "Hainan Danzhou GM"]
[Site "Danzhou CHN"]
[Date "2018.07.28"]
[EventDate "2018.07.27"]
[Round "2.2"]
[Result "1/2-1/2"]
[White "Vladimir Fedoseev"]
[Black "Vidit Santosh Gujrathi"]
[WhiteElo "2707"]
[BlackElo "2718"]
[PlyCount "87"]

1. d4 Nf6 2. c4 g6 3. g3 Bg7 4. Bg2 d5 5. cxd5 Nxd5 6. Nf3 Nb6
7. O-O Nc6 8. e3 O-O 9. Nc3 e5 10. d5 e4 11. dxc6 Qxd1
12. Rxd1 exf3 13. Bxf3 bxc6 14. Ne2 Nc4 15. Nd4 Ne5 16. Bg2
Rb8 17. Nxc6 Nxc6 18. Bxc6 Bxb2 19. Rb1 Rb6 20. Bf3 Bf6
21. Ba3 Rd8 22. Rxd8+ Bxd8 23. Rd1 Bf6 24. Bc5 Rb2 25. a3 a5
26. Rc1 Bh3 27. Bg2 Be6 28. h4 Ra2 29. Bf1 Rd2 30. e4 Bb2
31. Rb1 Ba2 32. Re1 Rc2 33. Re2 Rxc5 34. Rxb2 Be6 35. Kg2 Rc1
36. Rb5 a4 37. Ra5 Bb3 38. Bb5 Ra1 39. Bxa4 Rxa3 40. Ra8+ Kg7
41. Bc6 Rxa8 42. Bxa8 Kf6 43. Kf3 Ke5 44. Ke3 1/2-1/2

[Event "Hainan Danzhou GM"]
[Site "Danzhou CHN"]
[Date "2018.07.29"]
[EventDate "2018.07.27"]
[Round "3.3"]
[Result "1-0"]
[White "Vidit Santosh Gujrathi"]
[Black "Samuel Shankland"]
[WhiteElo "2718"]
[BlackElo "2727"]
[PlyCount "129"]

1. c4 c6 2. d4 d5 3. Nf3 Nf6 4. e3 Bg4 5. h3 Bxf3 6. Qxf3 e6
7. Nc3 Bb4 8. Bd3 O-O 9. O-O Nbd7 10. Qd1 Qe7 11. Qb3 Rab8
12. c5 Ba5 13. Qa4 Bc7 14. f4 a5 15. a3 Ra8 16. Bd2 Rfb8
17. Qc2 b6 18. b4 axb4 19. axb4 bxc5 20. bxc5 Ba5 21. Ra4 Bxc3
22. Bxc3 Nf8 23. Rfa1 Rxa4 24. Rxa4 Ng6 25. Ba5 Ra8 26. Bb6
Qb7 27. Qa2 Rxa4 28. Qxa4 Ne7 29. Qa5 Kf8 30. Bc7 Ne8 31. Bd6
f5 32. Qd8 Kf7 33. Ba6 Qa7 34. Kh2 Nf6 35. Qb6 Qd7 36. Qb8
Nfg8 37. Kg1 Qe8 38. Qa7 Qd8 39. Bb7 Kg6 40. Qa6 Qe8 41. Kf1
h6 42. Qb6 Kh7 43. Qc7 Kg6 44. Ke1 Kh5 45. Ba6 Kg6 46. g4 Qa8
47. Bxe7 Nxe7 48. Qxe7 Qxa6 49. Qxe6+ Kh7 50. Qxf5+ Kh8
51. Qf8+ Kh7 52. Qf5+ Kh8 53. g5 Qa1+ 54. Kf2 Qb2+ 55. Kf3 Qc1
56. g6 Qf1+ 57. Kg4 Qg2+ 58. Kh5 Qe2+ 59. Qg4 Qa6 60. Kh4 Qa8
61. Qd7 h5 62. Kg3 Kg8 63. Kf3 h4 64. Qe6+ Kh8 65. Qe7 1-0

[Event "Hainan Danzhou GM"]
[Site "Danzhou CHN"]
[Date "2018.07.30"]
[EventDate "2018.07.27"]
[Round "4.3"]
[Result "1-0"]
[White "Yu Yangyi"]
[Black "Vidit Santosh Gujrathi"]
[WhiteElo "2762"]
[BlackElo "2718"]
[PlyCount "123"]

1. d4 Nf6 2. c4 g6 3. Nc3 d5 4. cxd5 Nxd5 5. e4 Nxc3 6. bxc3
Bg7 7. Nf3 c5 8. Be3 Qa5 9. Qd2 O-O 10. Rc1 Nd7 11. Bd3 e5
12. d5 f5 13. Qe2 fxe4 14. Bxe4 Nf6 15. d6 Nxe4 16. Qc4+ Kh8
17. Qxe4 Bf5 18. Qd5 Qa4 19. Ng5 h6 20. Ne6 Bxe6 21. Qxe6 Qc6
22. Qxg6 Rf6 23. Qg4 Rxd6 24. O-O c4 25. Rfd1 Rd3 26. Rxd3
cxd3 27. f3 Rd8 28. Qe4 d2 29. Rd1 Qxc3 30. Kf2 b6 31. a4 Qa5
32. g4 b5 33. axb5 Qxb5 34. Rxd2 Rxd2+ 35. Bxd2 Qb2 36. Ke2
Qb5+ 37. Qd3 Qb6 38. h4 a6 39. h5 Qe6 40. Bc3 Kg8 41. Qe4 Qa2+
42. Ke3 Qe6 43. Qb7 Qc4 44. Qb4 Qc6 45. Qa5 Qf6 46. Qd5+ Kh8
47. Ke4 Qf4+ 48. Kd3 Qf6 49. Ba5 Qf8 50. Qd8 Qxd8+ 51. Bxd8
Kg8 52. Ke4 Bf8 53. Ba5 Bd6 54. Kd5 Bb8 55. Bc3 Ba7 56. Kxe5
Bb6 57. Kf6 Be3 58. Kg6 Bf4 59. Bb4 Bc1 60. Bd6 a5 61. f4 a4
62. f5 1-0

[Event "Hainan Danzhou GM"]
[Site "Danzhou CHN"]
[Date "2018.08.01"]
[EventDate "2018.07.27"]
[Round "5.2"]
[Result "1/2-1/2"]
[White "Vidit Santosh Gujrathi"]
[Black "Bu Xiangzhi"]
[WhiteElo "2718"]
[BlackElo "2712"]
[PlyCount "98"]

1. d4 Nf6 2. c4 e6 3. g3 d5 4. Bg2 dxc4 5. Nf3 Nc6 6. Qa4 Bb4+
7. Bd2 Nd5 8. Bxb4 Nxb4 9. O-O Rb8 10. Na3 O-O 11. Qb5 b6
12. Qxc4 Ba6 13. Nb5 Qe8 14. Rfc1 Nd5 15. Qxc6 Qxc6 16. Rxc6
Bxb5 17. Rc2 Rfc8 18. h4 g6 19. b3 c5 20. dxc5 Nb4 21. Rd2
Rxc5 22. a3 Nd5 23. Nd4 Bd7 24. b4 Rc3 25. Bxd5 exd5 26. Nc2
Bb5 27. Ne3 d4 28. Nd5 Rc4 29. a4 Be8 30. b5 Kg7 31. f3 h6
32. Nf4 Rbc8 33. Kf2 g5 34. hxg5 hxg5 35. Nd3 f6 36. a5 Rc2
37. Rxc2 Rxc2 38. axb6 axb6 39. Ra7+ Kg6 40. Ra4 Bxb5 41. Rxd4
Bxd3 42. Rxd3 Rb2 43. g4 b5 44. Rd7 Rb3 45. Rb7 b4 46. Ke1 Rb2
47. Kf2 Rb3 48. Ke1 Rb2 49. Kf2 Rb3 1/2-1/2

[Event "Hainan Danzhou GM"]
[Site "Danzhou CHN"]
[Date "2018.08.03"]
[EventDate "2018.07.27"]
[Round "7.1"]
[Result "0-1"]
[White "Vidit Santosh Gujrathi"]
[Black "Le Quang Liem"]
[WhiteElo "2718"]
[BlackElo "2728"]
[PlyCount "150"]

1. d4 Nf6 2. c4 e6 3. Nc3 Bb4 4. Qc2 d5 5. cxd5 exd5 6. Bg5 h6
7. Bh4 c5 8. dxc5 O-O 9. e3 Be6 10. Nf3 Nbd7 11. Be2 Rc8
12. c6 bxc6 13. O-O Qa5 14. Nd4 Bd6 15. Rfd1 Rfe8 16. Rac1 c5
17. Nxe6 fxe6 18. e4 c4 19. exd5 exd5 20. Qf5 Kh8 21. Bf3 Be5
22. Bg3 Bxg3 23. hxg3 Re5 24. Qf4 Rce8 25. b3 Nb6 26. Qd4 R5e7
27. g4 Rc8 28. Ne2 Qxa2 29. Nf4 Rec7 30. bxc4 Rxc4 31. Rxc4
Qxc4 32. Qe5 Re8 33. Qf5 Qc3 34. g5 hxg5 35. Qxg5 Re1+
36. Rxe1 Qxe1+ 37. Kh2 d4 38. Be2 Qb4 39. Ng6+ Kg8 40. Qe5 Kf7
41. Qc7+ Kg8 42. Ne7+ Kf8 43. Ng6+ Kg8 44. Qb8+ Kf7 45. Bd3
Qc5 46. Nf4 Nbd7 47. Qb3+ Ke7 48. Qe6+ Kd8 49. g3 Nf8 50. Qf7
Qe7 51. Qb3 N6d7 52. Qd5 Qc5 53. Qa8+ Ke7 54. Qe4+ Ne5 55. Be2
Kd6 56. Qa8 Ned7 57. Bg4 g5 58. Nd3 Qb5 59. Qe4 Qd5 60. Qe1 a5
61. Qc1 Qb5 62. Be2 Ne6 63. Qa3+ Nec5 64. Kh3 Ne5 65. Nxe5
Qxe2 66. Nf7+ Kc6 67. Kg2 g4 68. Nd8+ Kb5 69. Qa1 Qe4+ 70. Kg1
d3 71. Nf7 Qd5 72. Qb2+ Ka6 73. Qf6+ Ne6 74. Qc3 d2 75. Qc8+
Ka7 0-1

[Event "Chess Olympiad"]
[Site "Batumi GEO"]
[Date "2018.09.26"]
[EventDate "2018.09.24"]
[Round "3.20"]
[Result "1/2-1/2"]
[White "Evgeny Bareev"]
[Black "Santosh Gujrathi Vidit"]
[WhiteElo "2666"]
[BlackElo "2711"]
[PlyCount "144"]

1. d4 Nf6 2. Nf3 d5 3. c4 e6 4. g3 Bb4+ 5. Bd2 Be7 6. Bg2 O-O 7. O-O c6 8. Qc2
Nbd7 9. Bf4 b6 10. Rd1 Ba6 11. b3 Rc8 12. Nc3 h6 13. e4 dxc4 14. Nd2 b5 15. bxc4
bxc4 16. Na4 g5 17. Be3 Ng4 18. Nf1 Qc7 19. Bd2 c5 20. d5 Nde5 21. h3 Nf6 22.
Bc3 Nd3 23. d6 Qxd6 24. e5 Qd8 25. exf6 Bxf6 26. Bxf6 Qxf6 27. Rab1 Rfd8 28. a3
Rd4 29. Nh2 Rcd8 30. Nf3 R4d7 31. Nh2 h5 32. Rf1 Qg7 33. Qc3 Qxc3 34. Nxc3 f5
35. Rfd1 Kg7 36. Nf1 Kf6 37. Rd2 g4 38. h4 Rd6 39. Ne3 Rb6 40. Rxb6 axb6 41. a4
Rd4 42. Nc2 Rd6 43. Na3 Rd4 44. Nc2 Rd6 45. Kf1 e5 46. Rd1 Ke6 47. Ke2 e4 48.
Ke3 Ke5 49. Bf1 Bc8 50. Ne2 Bd7 51. Na3 Rd4 52. Nxd4 cxd4+ 53. Ke2 Kd5 54. Nxc4
Kxc4 55. Kd2 Bxa4 56. Bxd3+ exd3 57. Re1 b5 58. Re8 b4 59. Rc8+ Kd5 60. Rb8 b3
61. Kxd3 Kc5 62. Kd2 Kc4 63. Rb7 Bb5 64. Rb8 d3 65. Kc1 Bc6 66. Kd2 Be4 67. Kc1
Kc3 68. Rc8+ Kd4 69. Kd2 Bd5 70. Re8 Kc4 71. Rb8 Kd4 72. Re8 Kc4 1/2-1/2

[Event "Chess Olympiad"]
[Site "Batumi GEO"]
[Date "2018.09.30"]
[EventDate "2018.09.24"]
[Round "6.6"]
[Result "1/2-1/2"]
[White "Nikita Vitiugov"]
[Black "Santosh Gujrathi Vidit"]
[WhiteElo "2726"]
[BlackElo "2711"]
[PlyCount "62"]

1. e4 e5 2. Nf3 Nc6 3. Bb5 a6 4. Ba4 Nf6 5. O-O Nxe4 6. d4 b5 7. Bb3 d5 8. dxe5
Be6 9. Nbd2 Be7 10. c3 O-O 11. Bc2 f5 12. Nb3 Qd7 13. Qe1 a5 14. a4 bxa4 15.
Nbd4 Nxd4 16. Nxd4 Nc5 17. Ra2 Nb3 18. Nxe6 Qxe6 19. Rxa4 Nxc1 20. Qxc1 Qxe5 21.
Re1 Qf6 22. Qa1 Rad8 23. Rxa5 Kh8 24. Qd1 c5 25. Qf3 g6 26. Ra7 Rf7 27. Rd1 Qb6
28. Ra2 Qe6 29. Bd3 c4 30. Bf1 Bf6 31. Ra5 Rfd7 1/2-1/2

[Event "Chess Olympiad"]
[Site "Batumi GEO"]
[Date "2018.10.02"]
[EventDate "2018.09.24"]
[Round "8.3"]
[Result "1/2-1/2"]
[White "Santosh Gujrathi Vidit"]
[Black "Viktor Laznicka"]
[WhiteElo "2711"]
[BlackElo "2662"]
[PlyCount "132"]

1. e4 e5 2. Nf3 Nc6 3. Bc4 Bc5 4. d3 Nf6 5. O-O O-O 6. h3 Re8 7. c3 h6 8. b4 Bb6
9. a4 a6 10. Qb3 Re7 11. Be3 Bxe3 12. fxe3 d6 13. Nh4 Be6 14. Nf5 Re8 15. Nd2
Kh7 16. Rf3 Nb8 17. Raf1 Nbd7 18. a5 g6 19. Ng3 Qe7 20. d4 Bxc4 21. Qxc4 Kg7 22.
Ne2 Rac8 23. b5 axb5 24. Qxb5 Rb8 25. c4 Rf8 26. Nc3 c6 27. Qb2 Ne8 28. Na4 c5
29. Nb6 Nef6 30. dxc5 dxc5 31. Nd5 Nxd5 32. exd5 Qd8 33. Qb5 Qc7 34. g4 Ra8 35.
Ne4 f6 36. h4 Rxa5 37. Qb1 Ra6 38. h5 gxh5 39. gxh5 Kh8 40. d6 Qb6 41. Qc2 Rg8+
42. Kh2 Qd8 43. Rf5 Rg7 44. R1f3 Qa8 45. Rf2 Qd8 46. Rg2 Qg8 47. Nxf6 Rxg2+ 48.
Qxg2 Qxg2+ 49. Kxg2 Rxd6 50. Nxd7 Rxd7 51. Rxe5 b6 52. Re6 Kh7 53. Rxb6 Rd2+ 54.
Kf3 Rc2 55. Rb7+ Kg8 56. Kf4 Rxc4+ 57. Kf5 Rc1 58. Kg6 Kf8 59. Kxh6 c4 60. Rc7
c3 61. e4 Ke8 62. e5 Kd8 63. Rc5 Ke7 64. Rc6 c2 65. Kh7 Rh1 66. Rxc2 Rxh5+ 1/2-1/2

[Event "Chess Olympiad"]
[Site "Batumi GEO"]
[Date "2018.10.05"]
[EventDate "2018.09.24"]
[Round "11.3"]
[Result "1/2-1/2"]
[White "Vidit Santosh Gujrathi"]
[Black "Kacper Piorun"]
[WhiteElo "2711"]
[BlackElo "2612"]
[PlyCount "96"]

1. e4 e5 2. Nf3 Nc6 3. Bc4 Bc5 4. d3 Nf6 5. c3 O-O 6. O-O d5
7. exd5 Nxd5 8. a4 a5 9. Re1 Nb6 10. Bb5 f6 11. Nbd2 Bg4
12. h3 Bh5 13. Ne4 Bd6 14. Ng3 Bf7 15. d4 exd4 16. Bxc6 bxc6
17. Qxd4 Bxg3 18. fxg3 Qxd4+ 19. Nxd4 c5 20. Nb5 c6 21. Nd6
Bb3 22. c4 Nxc4 23. Nb7 Rfe8 24. Rxe8+ Rxe8 25. Nxc5 Bc2
26. b3 Re1+ 27. Kf2 Re5 28. bxc4 Rxc5 29. Be3 Rxc4 30. Rc1 Kf7
31. Ke2 Ke6 32. Kd2 Bb3 33. Rxc4 Bxc4 34. Bb6 Bf1 35. Bxa5 g5
36. Bb6 Bxg2 37. a5 Bf1 38. Ke3 f5 39. Kf2 Ba6 40. Be3 Kf6
41. Bd4+ Kf7 42. Be3 Kg6 43. Bc5 Bb5 44. Be7 h6 45. Bf8 h5
46. Be7 f4 47. gxf4 gxf4 48. Kf3 Kf5 1/2-1/2